दंगा / (Record no. 113597)

MARC details
000 -LEADER
fixed length control field 00940nam a22002537a 4500
005 - DATE AND TIME OF LATEST TRANSACTION
control field 20170124102955.0
010 ## - LIBRARY OF CONGRESS CONTROL NUMBER
LC control number B-004559
020 ## - INTERNATIONAL STANDARD BOOK NUMBER
Terms of availability 80.00
035 ## - SYSTEM CONTROL NUMBER
System control number B-004559
037 ## - SOURCE OF ACQUISITION
Source of stock number/acquisition Cen Lib/Ret
040 ## - CATALOGING SOURCE
Original cataloging agency DPL
Language of cataloging HN
082 ## - DEWEY DECIMAL CLASSIFICATION NUMBER
Classification number
Item number महर
100 ## - MAIN ENTRY--PERSONAL NAME
Personal name महररुद्दीन खां
9 (RLIN) 43331
245 ## - TITLE STATEMENT
Title दंगा /
Statement of responsibility, etc महररुद्दीन खां
246 ## - VARYING FORM OF TITLE
Title proper/short title Danga /
Remainder of title by Maharduddin Khan
260 ## - PUBLICATION, DISTRIBUTION, ETC. (IMPRINT)
Place of publication, distribution, etc नयी दिल्ली
Name of publisher, distributor, etc साक्षी प्रकाशन
Date of publication, distribution, etc 2000
270 ## - ADDRESS
City नयी दिल्ली
Address वी-8, नवीन शाहदरा
Postal code 110032
300 ## - PHYSICAL DESCRIPTION
Extent 96पृ.
Dimensions 19सेमी(सजिल्द )
650 ## - SUBJECT ADDED ENTRY--TOPICAL TERM
Topical term or geographic name as entry element हिंदी साहित्य
General subdivision
Geographic subdivision
9 (RLIN) 52974
650 ## - SUBJECT ADDED ENTRY--TOPICAL TERM
Topical term or geographic name as entry element हिंदी उपन्यास
9 (RLIN) 52975
650 ## - SUBJECT ADDED ENTRY--TOPICAL TERM
Topical term or geographic name as entry element Hindi literature
Form subdivision
9 (RLIN) 52976
650 ## - SUBJECT ADDED ENTRY--TOPICAL TERM
Topical term or geographic name as entry element Hindi novel
9 (RLIN) 52977
942 ## - ADDED ENTRY ELEMENTS (KOHA)
Source of classification or shelving scheme Dewey Decimal Classification
Koha item type Hindi Books
Classification part
Call number suffix महर
Holdings
Withdrawn status Lost status Damaged status Not for loan Home library Current library Date acquired Source of acquisition Cost, normal purchase price Total Checkouts Full call number Barcode Date last seen Copy number Cost, replacement price Price effective from Koha item type
Withdrawn       Central Library Central Library 12/08/2015 Cen Lib/Ret 80.00   उ महर B-004559 12/08/2015 1 80.00 12/08/2015 Hindi Books

© Delhi Public Library
Hit Counter
free hit counter